Hostile Minecraft Mobs - Statistics

General Stats
  • This quiz has been taken 6 times
  • The average score is 15 of 32
Answer Stats
Answer % Correct
Zombie
100%
Creeper
80%
Piglin Brute
80%
Blaze
60%
Elder Guardian
60%
Ender Dragon
60%
Ghast
60%
Guardian
60%
Magma Cube
60%
Shulker
60%
Skeleton
60%
Slime
60%
Wither
60%
Wither Skeleton
60%
Zoglin
60%
Bogged
40%
Breeze
40%
Endermite
40%
Evoker
40%
Husk
40%
Pillager
40%
Ravager
40%
Stray
40%
Vex
40%
Vindicator
40%
Warden
40%
Witch
40%
Hoglin
20%
Phantom
20%
Silverfish
20%
Zombie Villager
20%
Creaking
0%
No matching quizzes found
Score Distribution
Percent of People with Each Score
Percentile by Number Answered
Your Score History
You have not taken this quiz